The 'F' Movies Quiz Stats

 Plays Quiz Updated Dec 19, 2018

Also try: The 'G' Movies
Challenge
Share
Tweet
Score 0/24 Timer 08:00
15 Plays Today
% Correct
The Flintstones
92.6%
The Fast and the Furious
92.2%
The Fighter
90%
The Fox and the Hound
89.2%
The Fifth Element
75.4%
The Fugitive
67.6%
The Full Monty
62.9%
The Firm
60.4%
The First Wives Club
50%
The French Connection
47.4%
The Fault in Our Stars
45.1%
The Fly
43.8%
% Correct
The Founder
38.7%
The Fabulous Baker Boys
37.3%
The Faculty
33.7%
The Fisher King
31.6%
The Family Man
27.9%
The Freshman
20.4%
The Five-Year Engagement
19.6%
The Frighteners
18.3%
The Flight of the Phoenix
16.7%
The Family
15%
The Fountain
13.2%
The Fall
7.4%

You're not logged in!

Compare scores with friends on all Sporcle quizzes.
OR
Log In

You Might Also Like...

Show Comments

Extras

Top Quizzes Today


Score Distribution

Your Account Isn't Verified!

In order to create a playlist on Sporcle, you need to verify the email address you used during registration. Go to your Sporcle Settings to finish the process.

Report this User

Report this user for behavior that violates our Community Guidelines.

Details: